Szczegóły MARC21

Statystyka w zadaniach. Cz. 2, Statystyka matematyczna /

003 -Nazwa inst., której nr kontr. jest w polu 001 [,]
    • @
    • Nazwa instytucji, której n kontrolny jest w polu 001
    • NUKAT
005 -DATA I CZAS OSTATNIEJ MODYFIKACJI [,]
    • @
    • pole kontrolne
    • 20241231092909.0
020 -Międzynarod. znormalizowany nr książki - ISBN [ , ]
    • a
    • Numer ISBN
    • 8320425727 Find
    • q
    • Dopowiedzenie
    • całość
020 -Międzynarod. znormalizowany nr książki - ISBN [ , ]
    • a
    • Numer ISBN
    • 8320425743 Find
    • q
    • Dopowiedzenie
    • cz. II
040 -Instytucja sporządzająca opis [ , ]
    • a
    • Instytucja, która sporządziła opis (NP)
    • WA 72/01OMW
    • b
    • Język katalogowania
    • pol
    • e
    • Zasady katalogowania
    • rda
    • c
    • Instytucja, która sporządziła rekord (NP)
    • WA 72/01OMW
    • d
    • Instytucja, która zmodyfikowała rekord (P)
    • WA 72/01OMK
    • d
    • Instytucja, która zmodyfikowała rekord (P)
    • GL 001/DA
    • d
    • Instytucja, która zmodyfikowała rekord (P)
    • SZCZ U/JSs
942 -Rodzaj dokumentu [ , ]
    • c
    • Rodzaj dokumentu
    • Książka
100 -Hasło główne - nazwa osobowa [1, ]
    • a
    • Nazwa osobowa (NP)
    • Bąk, Iwona
    • c
    • Dopowiedzenie inne niż daty biograficzne (P)
    • (statystyka).
    • e
    • Rodzaj współpracy
    • Autor
    • 9
    • KHW
    • 421
245 -Strefa tytułu i oznaczenia odpowiedzialności [1,0]
    • a
    • Tytuł
    • Statystyka w zadaniach. Find
    • n
    • Oznaczenie części (P)
    • Cz. 2,
    • p
    • Nazwa części (P)
    • Statystyka matematyczna /
    • c
    • Pozostałe elementy strefy tytułu i oznaczenia odpowiedzialności (NP)
    • Iwona Bąk, Iwona Markowicz, Magdalena Mojsiewicz, Katarzyna Wawrzyniak.
246 -Wariant tytułu [3,0]
    • a
    • Tytuł (NP)
    • Statystyka matematyczna
250 -Strefa wydania [ , ]
    • a
    • Oznaczenie wydania (NP)
    • Wyd. I.
260 -Strefa adresu wydawniczego [ , ]
    • a
    • Miejsce wydania (P)
    • Warszawa :
    • b
    • Nazwa wydawcy (P)
    • Wydawnictwa Naukowo-Techniczne,
    • c
    • Data wydania (P)
    • 2001.
300 -Strefa opisu fizycznego [ , ]
    • a
    • Określenie formy książki i/lub objętość (NP)
    • 351, [1] strona :
    • b
    • Oznaczenie ilustracji (NP)
    • ilustracje ;
    • c
    • Format (NP)
    • 24 cm.
336 -Typ zawartości [ , ]
    • a
    • Termin opisujący typ zawartości
    • Tekst
    • b
    • Kod określający zawartość
    • txt
    • 2
    • Źródło (terminu i kodu)
    • rdacontent
337 -Typ mediów [ , ]
    • a
    • Tryb odtwarzania
    • Bez urządzenia pośredniczącego
    • b
    • Kod typu mediów
    • n
    • 2
    • Źródło (terminu i kodu)
    • rdamedia
338 -Typ/rodzaj nośnika [ , ]
    • a
    • Hasło opisujące typ nośnika
    • Wolumin
    • b
    • Kod typu nośnika
    • nc
    • 2
    • Źródło (terminu i kodu)
    • rdacarrier
504 -Uwaga dot. bibliogr. załącznikowej [ , ]
    • a
    • Uwaga dot. bibliografii załącznikowej
    • Bibliografia na stronie [352].
521 -Uwaga dot. przeznaczenia czytelniczego [8, ]
    • a
    • Uwaga dot. przeznaczenia czytelniczego
    • Dla studentów wyższych uczelni i pracowników instytucji wykorzystujących w analizie danych narzędzia statystyczne.
080 -Uniwersalna Klasyfikacja Dziesiętna [ , ]
    • a
    • Symbol klasyfikacji
    • 519.2(075.8)
650 -Hasło przedmiotowe [ ,7]
    • a
    • Hasło przedmiotowe
    • Statystyka matematyczna
    • v
    • Określnik formalny
    • podręczniki akademickie.
    • 2
    • Źródło terminu
    • kaba
    • 9
    • KHW
    • 357836
980 -Symbol UKD [ , ]
    • a
    • UKD
    • 519.2(075.8)
700 -Hasło dodatkowe - nazwa osobowa [1, ]
    • a
    • Nazwa osobowa (NP)
    • Markowicz, Iwona. Find
    • e
    • Określenie rodzaju współpracy
    • Autor
    • 9
    • KHW
    • 26483
700 -Hasło dodatkowe - nazwa osobowa [1, ]
    • a
    • Nazwa osobowa (NP)
    • Mojsiewicz, Magdalena. Find
    • e
    • Określenie rodzaju współpracy
    • Autor
    • 9
    • KHW
    • 40976
700 -Hasło dodatkowe - nazwa osobowa [1, ]
    • a
    • Nazwa osobowa (NP)
    • Wawrzyniak, Katarzyna Find
    • c
    • Dopowiedzenie inne niż daty biograficzne (NP)
    • (ekonomia).
    • e
    • Określenie rodzaju współpracy
    • Autor
    • 9
    • KHW
    • 83376
710 -Hasło dodatkowe - nazwa ciała zbiorowego [2, ]
    • a
    • Nazwa ciała zbiorowego lub nazwa geograficzna jako pierwszy element (NP)
    • Wydawnictwa Naukowo-Techniczne.
    • e
    • Rodzaj współpracy
    • Wydawca
    • 4
    • Kod relacji
    • pbl
    • 9
    • KHW
    • 56617
920 -ISBN [ , ]
    • a
    • ISBN
    • 83-204-2572-7 Find
    • q
    • Dopowiedzenie
    • całość
920 -ISBN [ , ]
    • a
    • ISBN
    • 83-204-2574-3 Find
    • q
    • Dopowiedzenie
    • cz. II
Lokalizacja Data inwentaryzacji Status udost. Numer inwentarzowy Sygnatura
BE2001-05-10-2E.67741 
BE2001-05-10-3S.87943 
BE2001-05-172S.87961 
BE2001-05-17-3S.87962 
BE2001-05-17-3S.87963 
BE2001-05-17-3S.87964 
BE2001-05-17-6S.87965 
BE2001-05-17-3S.87966 
BE2001-05-172S.87967 
BE2001-05-17-3S.87968 
BE2001-05-17-3S.87969 
BE2001-05-17-3S.87970 
BE2002-03-05-3S.89217 
BE2002-03-05-3S.89218 
BE2002-03-05-3S.89219 
BE2002-03-05-3S.89220 
BE2003-09-19-2S.90989 
BE2003-09-19-2S.90990 
BE2016-03-18-13S.95108 
BE2020-09-14-2S.96577 
BG2001-11-13-3W.204991W.204989
BG2001-11-13-3W.204992W.204989
T2001-08-22-3T.5583T.5583
T2001-08-22-2T.5584T.5584
T2001-08-22-6T.5585T.5585
T2001-08-22-3T.5586T.5586
T2001-08-22-3T.5587T.5587
T2001-08-22-3T.5588T.5588
T2001-08-22-3T.5589T.5589
T2001-08-22-3T.5590T.5590
T2001-08-22-3T.5591T.5591
T2001-08-22-3T.5592T.5592
T2002-03-05-3T.6512T.6512
T2002-03-05-3T.6513T.6513
T2002-03-05-6T.6514T.6514
T2002-03-05-3T.6515T.6515
T2002-03-05-3T.6516T.6516
T2003-12-11-3TM.1947TM.1947